|
|
|
|
| LEADER |
00000naa2a2200000 4500 |
| 001 |
609419 |
| 005 |
20231101132545.0 |
| 035 |
|
|
|a (RuTPU)RU\TPU\conf\6900
|
| 035 |
|
|
|a RU\TPU\conf\6896
|
| 090 |
|
|
|a 609419
|
| 100 |
|
|
|a 20141113d2014 k y0rusy50 ca
|
| 101 |
0 |
|
|a rus
|
| 102 |
|
|
|a RU
|
| 105 |
|
|
|a y z 101zy
|
| 135 |
|
|
|a drgn ---uucaa
|
| 181 |
|
0 |
|a i
|
| 182 |
|
0 |
|a b
|
| 200 |
1 |
|
|a Атомная энергетика: проблемы развития и перспективы
|f А. Б. Даулетбек, Х. Ш. Жумашев, Б. Е. Жоламанов
|
| 203 |
|
|
|a Текст
|c электронный
|
| 225 |
1 |
|
|a Эффективное и надежное производство и транспортировка энергии
|
| 230 |
|
|
|a 1 компьютерный файл (pdf; 190 Кб)
|
| 300 |
|
|
|a Заглавие с титульного экрана
|
| 320 |
|
|
|a [Библиогр.: с. 115 (4 назв.)]
|
| 337 |
|
|
|a Adobe Reader
|
| 463 |
|
0 |
|0 (RuTPU)RU\TPU\conf\6754
|t Состояние и пути развития российской энергетики
|o материалы Всероссийской молодёжной научной школы - конференции, г. Томск, 21-23 октября 2014 г.
|f Национальный исследовательский Томский политехнический университет (ТПУ), Энергетический институт (ЭНИН) ; ред. кол. В. Я. Ушаков и др.
|v [С. 114-115]
|d 2014
|
| 610 |
1 |
|
|a труды учёных ТПУ
|
| 610 |
1 |
|
|a электронный ресурс
|
| 610 |
1 |
|
|a атомная энергетика
|
| 610 |
1 |
|
|a проблемы
|
| 610 |
1 |
|
|a перспективы развития
|
| 610 |
1 |
|
|a энергия
|
| 610 |
1 |
|
|a энергетика
|
| 610 |
1 |
|
|a энергетическая политика
|
| 700 |
|
1 |
|a Даулетбек
|b А. Б.
|
| 701 |
|
1 |
|a Жумашев
|b Х. Ш.
|
| 701 |
|
1 |
|a Жоламанов
|b Б. Е.
|
| 801 |
|
2 |
|a RU
|b 63413507
|c 20220221
|g RCR
|
| 856 |
4 |
|
|u http://earchive.tpu.ru/handle/11683/69682
|
| 856 |
4 |
|
|u http://www.lib.tpu.ru/fulltext/c/2014/C82/033.pdf
|
| 942 |
|
|
|c BK
|